| 000 | 00765nam a2200265 a 4500 | ||
|---|---|---|---|
| 008 | |||
| 020 | _a9780138004644 (hbk.) | ||
| 049 | _aMAIN | ||
| 090 |
_aQP514.2 _bBIO |
||
| 245 | 1 | 0 |
_aBiochemistry / _cChristopher K. Mathews...[et.al] |
| 250 | _a4th ed. | ||
| 260 |
_aToronto : _bPearson, _cc2013. |
||
| 300 |
_axxvi, 1342 p. : _bill. (some col.) ; _c28 cm. |
||
| 504 | _aIncludes bibliographical references. | ||
| 500 | _aIncludes index. | ||
| 650 | 0 | _aBiochemistry. | |
| 700 | _aAnthony-Cahill, Spencer J. | ||
| 700 | _aAppling, Dean R. | ||
| 700 | 1 | _aVan Holde, K.E. | |
| 907 |
_a.b10366933 _b07-12-15 _c02-12-15 |
||
| 003 | |||
| 005 | 20240410144514.0 | ||
| 040 | _cNUST | ||
| 942 |
_cBOOKS _kQP514.2 _mBIO _01 |
||
| 999 |
_c129246 _d129246 |
||